| 000 | 01445nam a2200385 i 4500 | ||
|---|---|---|---|
| 001 | bg | ||
| 003 | KOSZ 005 | ||
| 005 | 20200528083858.0 | ||
| 008 | 971216s1987 pl a f f |000 0 pol | ||
| 015 | _aPB 1988/3086 | ||
| 035 | _a(OCoLC)835030050 | ||
| 040 |
_aWA N _cKOSZ 005/HR _dKOSZ 005/HR |
||
| 046 | _k1987 | ||
| 080 | _a624.014.2 | ||
| 080 | _a691 | ||
| 080 | _a(075.8) | ||
| 100 | 1 |
_aMatysiak, Antoni _d(1925- ) _eAutor |
|
| 245 | 1 | 0 |
_aBudownictwo stalowe. _nCz. 2, _pBelki, kratownice, słupy / _cAntoni Matysiak ; Wyższa Szkoła Inżynierska im. Jurija Gagarina w Zielonej Górze. Wydział Budownictwa i Inżynierii Sanitarnej. |
| 246 | 3 | 0 | _aBelki, kratownice, słupy |
| 260 |
_aZielona Góra : _bWydaw. Uczelniane WSI, _c1987. |
||
| 300 |
_a264 s. : _brys., wykr. ; _c24 cm. |
||
| 380 | _aKsiążki. | ||
| 490 | 1 | _aSkrypt / Wyższa Szkoła Inżynierska im. Jurija Gagarina w Zielonej Górze. | |
| 504 | _aBibliogr. s. 263-264. | ||
| 658 | _aArchitektura i budownictwo | ||
| 655 | 4 | _aPodręczniki akademickie | |
| 650 | 4 | _aKonstrukcje budowlane | |
| 650 | 4 | _aKonstrukcje stalowe | |
| 650 | 4 | _aBelka | |
| 650 | 4 | _aKratownice | |
| 650 | 4 | _aSłupy | |
| 856 |
_uhttp://koha.tu.koszalin.pl/cgi-bin/koha/opac-detail.pl?biblionumber=3552 _yKatalog online BPK |
||
| 830 | 0 | _aSkrypt - Wyższa Szkoła Inżynierska im. Jurija Gagarina w Zielonej Górze | |
| 942 |
_2UKD _cKS |
||
| 999 |
_c3552 _d3552 |
||